One Piece - Fruits du démon Logia - Statistiques

Statistiques générales
  • Ce quiz a été pris 171 fois
  • Le résultat moyen est 12 sur 14
Statistiques - réponses
Personnage % Correct
Portgas D. Ace
99%
Smoker
98%
Crocodile
97%
Marshall D. Teach
97%
Sakazuki
96%
Kuzan
95%
Sabo
93%
Borsalino
91%
César Clown
88%
Ener
81%
Monet
78%
Caribou
73%
Aramaki
51%
Karasu
44%
Aucun quiz correspondant
Distribution des résultats
% des personnes avec chaque résultat
Percentile par nombre de réponses
Votre historique - résultats
Vous n’avez pas pris ce quiz